Suicide Squad (2016) Member Quiz - Statistics

General Stats
  • This quiz has been taken 34 times
  • The average score is 9 of 10
Answer Stats
Attribute Character % Correct
Guns Deadshot
100%
Jokes Harley Quinn
97%
Boomerangs Captain Boomerang
90%
Magic Enchantress
90%
Muscle Killer Croc
90%
Sword Katana
83%
Brains Amanda Waller
80%
Leader Rick Flag
77%
Fire El Diablo
73%
Climbing Slipknot
70%
No matching quizzes found
Score Distribution
Percent of People with Each Score
Percentile by Number Answered
Your Score History
You have not taken this quiz